000 00686cab a2200205 4500
001 WB2702-31
008 090401t1991 xxu||||| |||| 00| 0 eng d
035 _a(Sirsi) u70110
041 _aeng
245 _aEnvironmental cost of roads
260 _c1991
350 _a0
490 _aTimes
_v7/1/91 p4
520 _aThe Standing Advisory Committee for Trunk Road Assessment is shortly to report to the Department of Transport on whether a monetary value should be placed on environment al features threatened by major road schemes.
650 _aCONSERVATION
650 _aCOST BENEFIT ANALYSIS
690 _aTRANSPORT AND COMMUNICATIONS
942 _n0
948 _c04/03/1997
999 _c44107
_d44107